000 00563nam a22001697a 4500
005 20231113143728.0
008 231113b |||||||| |||| 00| 0 eng d
020 _a0409061182
041 _aEnglish
082 _a345 VIS
100 _aVisser, PJ and Vorster, JP
_lEnglish
245 _aGeneral Principles of Criminal Law Through The Cases /
_cPJ Visser and JP Vorster
260 _aDurban :
_bButterworths and Company (Pty) Ltd,
_c1982
300 _bxxv, 523 pages ;
_c24, 7 cm.
650 _aLegal practice
_bLaw
942 _cBK
_6ALISON_BN_VRIES
999 _c586
_d586